| 000 | 00523nam a2200169 4500 | ||
|---|---|---|---|
| 001 | 124073 | ||
| 003 | ES-MaACL | ||
| 005 | 20230906192320.0 | ||
| 007 | t| | ||
| 008 | 070214s1909 fr r ||||1| fre d | ||
| 100 | 1 |
_aRankin, Reginald. _995429 |
|
| 245 | 1 | 0 |
_aAu Maroc avec le Général d'Amade / _cReginald Rankin. |
| 260 |
_aParis : _bPlon-Nourrit et Cie, _c1909. |
||
| 300 |
_aIII, 306 p. 19 lám. : _b`retr. del general d'Amade` ; _c19 cm + _e4 map. |
||
| 500 | _aTraduit de l'anglais. | ||
| 852 |
_aES-MaACL _jF-10516 |
||
| 999 |
_c124073 _d124073 |
||